| 000 | 00481nam a2200169Ia 4500 | ||
|---|---|---|---|
| 999 |
_c26997 _d26997 |
||
| 003 | OSt | ||
| 005 | 20201202123225.0 | ||
| 008 | 190216s9999||||xx |||||||||||||| ||und|| | ||
| 040 | _coclc | ||
| 082 |
_a894.8123 _bKHA/O |
||
| 100 |
_aKhalid, P _91998 |
||
| 245 | 0 |
_aOre Desakkaraya Njangal / _cKhalid |
|
| 260 |
_bNational Book Stall, _c1991. _aKottayam: |
||
| 300 | _a226p | ||
| 650 | _aMalayalam Novel | ||
| 942 |
_cBK _2ddc _h894.8123 _iKHA/O _k894.8123 _mKHA/O |
||